logo

Bir Sreshtho Munshi Abdur Rouf Library
Jhenaidah Cadet College

পদার্থবিজ্ঞান (দ্বিতীয় পত্র) একাদশ-দ্বাদশ শ্রেণী / (Record no. 8865)

MARC details
000 -LEADER
fixed length control field 00931nam a22002417a 4500
001 - CONTROL NUMBER
JCCL Control Number 8865
003 - CONTROL NUMBER IDENTIFIER
JCCL marc code OSt
005 - DATE AND TIME OF LATEST TRANSACTION
control field 20180717083626.0
008 - FIXED-LENGTH DATA ELEMENTS--GENERAL INFORMATION
fixed length control field 180305b2014 bg ||||| |||| 00| 0 ben d
035 ## - SYSTEM CONTROL NUMBER
system control number (BD-JhCC)8865
040 ## - CATALOGING SOURCE
Original cataloging agency BD-JhCC
Modifying agency BD-JhCC
041 ## - LANGUAGE CODE
Language code of Book ben
082 ## - DEWEY DECIMAL CLASSIFICATION NUMBER
Classification number 530
Author mark and Year KHA 2014
100 ## - MAIN ENTRY--PERSONAL NAME
Personal name খান, ড. আমির হোসেন
245 ## - TITLE STATEMENT
Title পদার্থবিজ্ঞান (দ্বিতীয় পত্র) একাদশ-দ্বাদশ শ্রেণী /
Statement of responsibility, etc ড. আমির হোসেন খান, মোহাম্মদ ইসহাক এবং মো. নজরুল ইসলাম
260 ## - PUBLICATION, DISTRIBUTION, ETC. (IMPRINT)
Place of publication, distribution, etc ঢাকাঃ
Name of publisher, distributor, etc আইডিয়াল বুকস
Date of publication, distribution, etc 2014.
300 ## - PHYSICAL DESCRIPTION
Pagination 360 p. :
Dimensions 24 cm.
650 ## - SUBJECT ADDED ENTRY--TOPICAL TERM
Topical term or geographic name as entry element Physics
700 ## - ADDED ENTRY--PERSONAL NAME
Personal name ইসহাক, মোহাম্মদ
700 ## - ADDED ENTRY--PERSONAL NAME
Personal name ইসলাম, মো. নজরুল
942 ## - ADDED ENTRY ELEMENTS (KOHA)
Source of classification or shelving scheme Dewey Decimal Classification
Koha item type Books
Holdings
Source of classification or shelving scheme Damaged status Not for loan Home library Current library Shelving location Date of accession Cost, normal purchase price Total Checkouts Full call number Barcode Date last seen Date checked out Copy number Koha item type
Dewey Decimal Classification     JCC Rouf Library JCC Rouf Library General Stacks 03/05/2018 135.00 1 530 KHA 2014 11730 12/08/2025 06/18/2025 C-1 Books

JCC Library | Contacts | JCC Home

Last Update on 23 September 2017
Copyright @ 2017-2020 JCC Rouf Library
Rouf Library, Jhenidah Cadet College (JCC), Bangladesh